[Event "Wch U10 Girls"]
[Site "Weifang"]
[Date "2019.09.01"]
[Round "11"]
[White "Indira, Priyadharshini Subb"]
[Black "Mou, Iris Zhaoying"]
[Result "0-1"]
[WhiteElo "1346"]
[BlackElo "1669"]
[PlyCount "162"]
[EventDate "2019.08.21"]
[EventType "swiss"]
[EventRounds "11"]
[EventCountry "CHN"]
[SourceTitle "EXT 2020"]
[Source "ChessBase"]
[SourceDate "2019.10.17"]
[SourceVersion "1"]
[SourceVersionDate "2019.10.17"]
[SourceQuality "1"]

1. e4 e6 2. d4 d5 3. Nc3 Nf6 4. Bg5 Bb4 5. e5 h6 6. exf6 hxg5 7. fxg7 Rg8 8. a3 Ba5 9. Qh5 Qf6 10. 0-0-0 Bxc3 11. bxc3 c5 12. dxc5 Qxc3 13. Qxg5 Qxa3+ 14. Kb1 Qb4+ 15. Kc1 Nc6 16. Qf6 Qxc5 17. h4 Nb4 18. Bd3 Qe7 19. Qxe7+ Kxe7 20. h5 Nxd3+ 21. Rxd3 Rxg7 22. h6 Rh7 23. g4 f6 24. f4 Bd7 25. g5 fxg5 26. fxg5 Be8 27. Rg3 Bg6 28. Nf3 Kd6 29. Nh4 Rg8 30. Rf1 Ke7 31. Rb3 b6 32. Ra3 a5 33. Rb3 Be4 34. Rxb6 Rxg5 35. Rb7+ Kd6 36. Rxh7 Bxh7 37. Rf7 Rh5 38. Rxh7 Rxh4 39. Ra7 Rxh6 40. Rxa5 Ke5 41. c4 Ke4 42. cxd5 exd5 43. Ra3 Rh1+ 44. Kd2 Rh2+ 45. Kd1 Rf2 46. Ke1 Rg2 47. Kd1 Kd4 48. Ke1 Kc4 49. Kd1 d4 50. Rh3 Ra2 51. Rg3 Ra1+ 52. Kd2 Rh1 53. Rf3 Rg1 54. Rh3 Rg2+ 55. Kd1 Rb2 56. Kc1 Re2 57. Kd1 Rf2 58. Ke1 Rc2 59. Kd1 Rc3 60. Rh4 Rg3 61. Ke2 Kc3 62. Kf2 Rg7 63. Rh3+ Kd2 64. Ra3 Rf7+ 65. Kg2 d3 66. Ra2+ Ke1 67. Ra1+ Ke2 68. Ra2+ d2 69. Rb2 Ke1 70. Rb1+ d1Q 71. Rxd1+ Kxd1 72. Kg3 Ke2 73. Kg4 Ke3 74. Kg5 Ke4 75. Kg6 Rf5 76. Kg7 Ke5 77. Kg6 Ke6 78. Kg7 Rf6 79. Kg8 Rf7 80. Kh8 Kf6 81. Kg8 Kg6 0-1